000
00239 a2200097 4500
001
59631
100
_a
245
_a
Applied Calculus for scientists & Engineers
260
_a
London
_b
Jones & Barlett
_c
2005
090
_c
36505
_d
36505
942
_a
NUST-CAE
_c
MONOGRAPH
_c
29453
999
_c
294704
_d
294704